000 01224nam a2200349 i 4500
001 000017616
003 DO-SdBNP
005 20251120073734.0
007 ta
008 250512s1986 dr r 000 0 spa d
040 _aDO-SdBNP
_bspa
_cBNPHU
_erda
041 _hspa
082 _aRD866.44
_bR666p
_222
100 1 _aRobles Toledano, Oscar A.,
_q(Oscar Antonio)
_d1912-
_eautor
_938417
245 1 0 _aP. R. Thompson :
_bcartas a El Caribe /
_cOscar A. Robles Toledano; presentación Manuel Rueda
264 _aSanto Domingo :
_bUCMM,
_c1986
300 _a3 volumen
_c21 cm.
336 _ardacontent
_btexto
_2txt
337 _ardamedia
_bsin mediación
_2n
338 _ardacarrier
_bvolumen
_2nc
490 1 _aDocumentos
_v94
500 _aIncluye datos biográficos del autor en la solapa de la contracubierta
590 _aInventariado,2025/DG
600 1 4 _aROBLES TOLEDANO, OSCAR ANTONIO,
_d1912-1992
_xCORRESPONDENCIAS, MEMORIAS, ETC.
_938418
650 4 _aLiteratura dominicana
_943
700 1 _aRueda, Manuel
_epresentación
_938419
710 2 _aPontificia Universidad Católica Madre y Maestra
_9843
740 0 2 _aCartas a El Caribe
830 0 _aDocumentos
_n94
_938420
910 _aDG
942 _2ddc
_cLBS1
999 _c58997
_d58997